| 000 | 01271nam a22003497a 4500 | ||
|---|---|---|---|
| 003 | CHAP | ||
| 005 | 20220329141718.0 | ||
| 008 | 971013s1977 r 00010 d | ||
| 010 | _a72649 | ||
| 011 | _a73621 | ||
| 035 | _a83179 | ||
| 040 | _cCHAP | ||
| 090 | _aTesis | ||
| 100 | 0 | 0 |
_aCancio Arroyo, Gerardo R. _918312 |
| 245 | _aEstimación de algunos parámetros productivos y reproductivos en tres unidades porcinas en trópico húmedo (Plan Chontalpa) para los años 1973-1976 | ||
| 260 |
_aMéxico, D.F. : _bEl autor, _c1977 |
||
| 300 |
_a30 h. _b: gráfs. |
||
| 502 | _aTesis (Médico Veterinario Zootecnista) -- UNAM. Fac. de Medicina Veterinarias y Zootecnia | ||
| 590 |
_aALEPH _b10 _c20130110 _lUCH01 _h1413 |
||
| 590 |
_aBATCH-UPD _b10 _c20130110 _lUCH01 _h0519 |
||
| 590 |
_aBATCH-UPD _b10 _c20130110 _lUCH01 _h2352 |
||
| 590 |
_aBATCH-UPD _b10 _c20130410 _lUCH01 _h0158 |
||
| 590 |
_aBATCH-UPD _b10 _c20130914 _lUCH01 _h1501 |
||
| 590 |
_aCONVERSION _b10 _c20130109 _lUCH01 _h1340 |
||
| 650 | 1 | 4 |
_aGanadería _xTrópicos. _944856 |
| 650 | 1 | 4 |
_aGanado porcino _xProducción. _945399 |
| 650 | 1 | 4 |
_aGanado porcino _xReproducción. _945403 |
| 650 | 1 | 4 |
_aGanado porcino _xTabasco. _945410 |
| 901 | _aBK | ||
| 942 | _cTESIS | ||
| 949 |
_bBC _cTES _d-37591 _eTS1 _i83179 _si |
||
| 999 |
_c72649 _d72649 |
||